000 00311nam a22001337a 4500
008 170504b xxu||||| |||| 00| 0 eng d
020 _a9780023441233
041 _aeng
080 _22ND
_a34
100 _a15
101 _aSHJ
245 _aGROUP WORK/ A COUNSELING SPECIALTY
_cGLADDING, S.T
942 _2udc
_cBK
999 _c12717
_d12717